000 00568nam a2200229Ia 4500
003 OSt
005 20221005130243.0
006 a|||||r|||| 00| 0
007 ta
008 221004b |||||||| |||| 00| 0 kan d
024 _a59035
037 _cTextual
040 _aCRL
_cCRL
_bkan
041 _2kan
_akan
082 _aDelta2y7M36, 33J9
100 _aPuttappa Au.
245 0 _aRamkrishna pardmahansa
260 _c1959
650 _aMYSTICISM
942 _hDelta2y7M36, 33J9
_cTEXL
_2cc
999 _c1056579
_d1056579